00497nam a2200121Ia 4500008004100000024006600041082001900107100009100126245007300217260002500290600002700315650003300342250506s9999 xx 000 0 und d a04B-110-EE, 04B-119-EE, 04B-126-EE, 04B-95-EE & 03A-53-EE a629.136672 OBA aObaid Sabir, Hina Javed Khan, Fahad Mahmood, Khawaja Muhammad Faraz & Waqas Khan Tahir 0aControl of Approach, Runway & Taxiway Lighting with Automated Gating aKarachi:bUIT,c2004 aElectronic Engineering aBachelor of Engineering (BE)